Statistiques concernant Drapeaux avec une couleur changée #1

Cliquez ici pour prendre le quiz!

Statistiques générales

  • Ce quiz a été pris 294 fois
    (203 depuis la dernière actualisation)
  • Le résultat moyen est 11 sur 12

Statistiques - réponses

Réponse% Correct
Brésil
99%
Algérie
98%
Australie
97%
Slovaquie
96%
Panama
95%
Bosnie-Herzégovine
94%
Viêt Nam
92%
Bahreïn
83%
Tonga
82%
Cap-Vert
79%
Brunei
76%
Togo
72%

Distribution des résultats

Percentile par nombre de réponses

% des personnes avec chaque résultat

Votre développement - résultats

Vous n’avez pas pris ce quiz depuis la dernière actualisation